000
00276nam a2200121 a 4500
008
101022s1978|||| d
245
1
0
_a
Dvacettisíc zlodejú
100
1
_a
Lambert, Eric
020
_c
28
041
_a
ces
260
_b
Naše vojsko
_a
Praha
_c
1978
044
_a
CZ
999
_c
12053
_d
12053